[Event "British Universities-ch"]
[Site "Leicester"]
[Date "2024.02.25"]
[Round "?"]
[White "Grozea, Robert Georgel"]
[Black "Ratnesan, Ranesh"]
[Result "1/2-1/2"]
[WhiteElo "1466"]
[BlackElo "2160"]
[PlyCount "138"]
[EventDate "2024.02.24"]
[EventType "team-swiss (rapid)"]
[EventRounds "9"]
[EventCountry "ENG"]
[SourceTitle "CB11_2024"]
[SourceDate "2024.03.13"]
[SourceVersion "1"]
[SourceVersionDate "2024.03.13"]
[SourceQuality "1"]
[WhiteTeam "Birmingham"]
[BlackTeam "Cambridge"]
[WhiteTeamCountry "ENG"]
[BlackTeamCountry "ENG"]

1. e4 c5 2. Nf3 d6 3. d4 cxd4 4. Qxd4 Nc6 5. Bb5 Bd7 6. Bxc6 Bxc6 7. Nc3 h6 8. Be3 e5 9. Qd3 Nf6 10. 0-0-0 Qa5 11. Nd2 b5 12. Nb3 Qa6 13. f4 Be7 14. fxe5 dxe5 15. Bc5 Rd8 16. Qg3 Rxd1+ 17. Rxd1 Nd7 18. Bxe7 Kxe7 19. Qxg7 Rc8 20. Qxh6 Qb6 21. Qg5+ Ke8 22. h4 b4 23. Nd5 Bxd5 24. Rxd5 Qg1+ 25. Rd1 Qb6 26. Rf1 Qc7 27. Qd2 a5 28. h5 a4 29. Na1 Qc4 30. Rd1 Nf6 31. b3 Qxe4 32. Re1 Qf5 33. Qxb4 axb3 34. axb3 Qxh5 35. Qd6 Nd7 36. Qa6 Qg5+ 37. Kb2 Rc7 38. Qa8+ Ke7 39. Qd5 Qg3 40. Qa5 Rc5 41. Qb4 Ke8 42. Rd1 Qe3 43. Rd3 Qf2 44. Qb7 Qf5 45. b4 Rc4 46. Nb3 e4 47. Rd5 Qf6+ 48. Kb1 Qf1+ 49. Kb2 Qf6+ 50. Ka3 Qc6 51. Qxc6 Rxc6 52. Nd4 Rc3+ 53. Kb2 Rg3 54. Nf5 Rxg2 55. Rd4 Nf6 56. Nd6+ Ke7 57. Nxe4 Nd7 58. Kb3 f5 59. Nd6 Rf2 60. b5 f4 61. Nc8+ Ke8 62. b6 Rh2 63. Rxf4 Nc5+ 64. Kb4 Rxc2 65. Nd6+ Kd7 66. Nc4 Nd3+ 67. Kb3 Nxf4 68. Kxc2 Kc6 69. Kb3 Nd5 1/2-1/2

[Event "British Universities-ch"]
[Site "Leicester"]
[Date "2024.02.25"]
[Round "?"]
[White "MacNeil, Elliott"]
[Black "Grozea, Robert Georgel"]
[Result "0-1"]
[WhiteElo "1677"]
[BlackElo "1466"]
[PlyCount "100"]
[EventDate "2024.02.24"]
[EventType "team-swiss (rapid)"]
[EventRounds "9"]
[EventCountry "ENG"]
[SourceTitle "CB11_2024"]
[SourceDate "2024.03.13"]
[SourceVersion "1"]
[SourceVersionDate "2024.03.13"]
[SourceQuality "1"]
[WhiteTeam "UCL"]
[BlackTeam "Birmingham"]
[WhiteTeamCountry "ENG"]
[BlackTeamCountry "ENG"]

1. d4 Nf6 2. c4 g6 3. Nf3 Bg7 4. g3 d6 5. Bg2 0-0 6. 0-0 Nbd7 7. Nc3 a6 8. h3 e5 9. Bg5 h6 10. Be3 Re8 11. dxe5 Nxe5 12. Nxe5 dxe5 13. Qb3 c6 14. Rad1 Qe7 15. Na4 Nd7 16. c5 Nf8 17. Nb6 Be6 18. Qc2 Rad8 19. b4 Rxd1 20. Rxd1 Rd8 21. a4 Bf5 22. Qc1 h5 23. Rd5 Rd7 24. Rxd7 Qd8 25. Nc4 Qxd7 26. h4 Ne6 27. Nd6 Nd4 28. Bxd4 exd4 29. b5 Be6 30. Qb1 Be5 31. bxa6 bxa6 32. Qb8+ Kh7 33. Qb6 Bxd6 34. cxd6 Qxd6 35. Qxc6 Qb4 36. Kh2 a5 37. Qb5 Qxb5 38. axb5 a4 39. b6 a3 40. b7 a2 41. b8Q a1Q 42. Qf4 Qc3 43. Qe4 Qd2 44. Bf3 Bf5 45. Qe7 Be6 46. Qf6 d3 47. Qe5 Qe1 48. e3 Qxf2+ 49. Bg2 d2 50. Qd4 Bg4 0-1